Básne

Bibliographic Details
Main Author: Fiorentino, Luigi (Author)
Other Authors: Turčány, Viliam, 1928-2021 (Translator)
Format: Article
Language:Slovak

MARC

LEADER 00000nab a2200000uu 4500
001 vtls011443918
003 SK-MaSNL
005 20260303164521.0
008 230313|1968 xo |||||||||||||||||slo|
015 |a SNBRB 
035 |a (urnnbn)urn:nbn:sk:snk:ar-0038mt 
035 |a (uuid)89e7f5bc-dee7-4fdc-8c47-c5255dac4970 
035 |a urn:nbn:sk:snk-abchlh 
040 |a SNKBUCL  |b slo  |c SNKBUCL  |e AACR2 
041 0 |a slo 
044 |a xo  |c SK 
100 1 |a Fiorentino, Luigi  |4 aut  |9 1190093 
245 1 0 |a Básne  |c Luigi Fiorentino, Viliam Turčány 
246 3 |a HOLUBÍ KŔDEĽ, UŽ-UŽ PRED ODLETOM 
246 3 |a NÁDEJ, ČO PADÁ... 
246 3 |a PRADÁVNE MOTTETTÁ 
246 3 |a VEČERNÁ SIENA 
700 1 |a Turčány, Viliam,  |d 1928-2021  |4 trl  |9 102025 
773 0 |t Romboid  |g Roč. 3, č. 1 (1968), s. 49-50 
958 |a OND 
958 |a EUIPO 
958 |a article16 
999 |c 2065921  |d 2067851